[Event "TCh-GEO Club 2016"]
[Site "Lagodekhi GEO"]
[Date "2016.09.22"]
[Round "1.4"]
[Board "4"]
[White "Khotenashvili, Bela"]
[Black "Melia, Salome"]
[Result "1/2-1/2"]
[WhiteTitle "GM"]
[BlackTitle "IM"]
[WhiteElo "2463"]
[BlackElo "2419"]
[WhiteTeam "Kakheti"]
[BlackTeam "Adchara - Nona"]
[WhiteFideId "13602640"]
[BlackFideId "13602446"]
[EventDate "2016.09.22"]

1. d4 Nf6 2. c4 e6 3. Nf3 c5 4. e3 cxd4 5. exd4 d5 6. Nc3 Bb4 7. cxd5 exd5 8.
Bd3 O-O 9. Ne5 Nc6 10. Nxc6 bxc6 11. O-O Bxc3 12. bxc3 Qa5 13. Bf4 Ba6 14. Be5
Bxd3 15. Qxd3 Ne4 16. Rfc1 Qa3 17. Rc2 Rfe8 18. Rb1 Re6 19. f3 Nc5 20. dxc5 Rxe5
21. Qd4 Re7 22. Qb4 Qa6 23. Qh4 f6 24. c4 Qa4 25. Rb3 Rae8 26. h3 Re3 27. Rxe3
Rxe3 28. Rb2 Re8 29. Qg4 Qxc4 30. Qxc4 dxc4 31. Rc2 Re5 32. Rxc4 a5 33. Kf2 Kf7
34. f4 Rd5 35. Ke3 f5 36. g4 fxg4 37. hxg4 h5 38. gxh5 Rxh5 39. Ke4 Ke6 40. Rc3
Rd5 41. Rg3 Kf6 42. Rc3 g6 43. Rc4 Ke6 44. Rc3 Kf6 45. Rc4 Ke6 46. Rc3 Kf6 47.
Rc4 Ke6 1/2-1/2

[Event "TCh-GEO Club 2016"]
[Site "Lagodekhi GEO"]
[Date "2016.09.22"]
[Round "1.4"]
[Board "5"]
[White "Harutyunian, Tigran K."]
[Black "Beradze, Irakli"]
[Result "1-0"]
[WhiteTitle "IM"]
[WhiteElo "2480"]
[BlackElo "2437"]
[WhiteTeam "Adchara - Nona"]
[BlackTeam "Kakheti"]
[WhiteFideId "13303635"]
[BlackFideId "13604597"]
[EventDate "2016.09.22"]

1. c4 Nf6 2. Nc3 e5 3. Nf3 Nc6 4. e4 Bb4 5. d3 d6 6. a3 Bc5 7. b4 Bb6 8. Na4 Bg4
9. Nxb6 axb6 10. Bb2 Nd7 11. Be2 Nf8 12. O-O Bxf3 13. Bxf3 Ne6 14. g3 Qf6 15.
Bg2 g5 16. Bc3 h5 17. Ra2 Ke7 18. a4 h4 19. Bh3 Ncd4 20. Bg4 Rh6 21. Kg2 Qg6 22.
h3 Qh7 23. Qc1 Rh8 24. Rh1 f5 25. exf5 Nxf5 26. Re2 hxg3 27. fxg3 Rf6 28. Rf1
Rhf8 29. Ref2 Qg6 30. c5 bxc5 31. bxc5 Nxc5 32. Bxe5 Nh4+ 33. gxh4 Rxf2+ 34.
Rxf2 Rxf2+ 35. Kg1 Rf8 36. Bd4 gxh4 37. Bf2 Rxf2 38. Qe1+ Ne4 39. dxe4 Rf7 40.
e5 Qg5 41. exd6+ Kxd6 42. Qe6+ Kc5 43. Qxf7 Kb4 44. Qxc7 Qe3+ 45. Kf1 Qd3+ 46.
Kf2 Qd4+ 47. Ke2 Qe4+ 48. Kd2 Qd4+ 49. Kc2 Qe4+ 50. Kb2 Qd4+ 51. Kc2 Qe4+ 52.
Kd2 Qd4+ 53. Ke1 Qe3+ 54. Be2 Qxh3 55. Qc4+ Ka3 56. Qc5+ Kb2 57. Qb4+ Ka2 58.
Kd2 Qh2 59. Qc4+ Ka3 60. Kc2 Qg3 61. Qc5+ Kxa4 1-0

[Event "TCh-GEO Club 2016"]
[Site "Lagodekhi GEO"]
[Date "2016.09.22"]
[Round "1.4"]
[Board "6"]
[White "Buksa, Nataliya"]
[Black "Saduakassova, Dinara"]
[Result "0-1"]
[WhiteTitle "WGM"]
[BlackTitle "WGM"]
[WhiteElo "2249"]
[BlackElo "2423"]
[WhiteTeam "Kakheti"]
[BlackTeam "Adchara - Nona"]
[WhiteFideId "14123622"]
[BlackFideId "13700090"]
[EventDate "2016.09.22"]

1. e4 e5 2. Nf3 Nc6 3. Bb5 a6 4. Ba4 Nf6 5. O-O Be7 6. Re1 b5 7. Bb3 O-O 8. c3
d5 9. exd5 Nxd5 10. Nxe5 Nxe5 11. Rxe5 Bb7 12. d4 Bf6 13. Re1 Re8 14. Rxe8+ Qxe8
15. a4 b4 16. c4 Nf4 17. d5 Ne2+ 18. Kf1 Nxc1 19. Qxc1 Qe5 20. Kg1 Qe2 21. Qd1
Re8 22. Nd2 Bxb2 23. Ra2 Qxd1+ 24. Bxd1 Re1+ 25. Nf1 Rxd1 26. Rxb2 a5 27. f3 Ba6
28. Kf2 Bxc4 29. Ne3 Rc1 30. Rd2 g6 31. Nd1 Bb3 32. Nb2 Ra1 33. Ke3 Bxa4 34. Kd4 0-1

[Event "TCh-GEO Club 2016"]
[Site "Lagodekhi GEO"]
[Date "2016.09.23"]
[Round "2.1"]
[Board "2"]
[White "Gagunashvili, Merab"]
[Black "Janjghava, Lasha"]
[Result "1/2-1/2"]
[WhiteTitle "GM"]
[BlackTitle "GM"]
[WhiteElo "2586"]
[BlackElo "2469"]
[WhiteTeam "Kakheti"]
[BlackTeam "Tbilisi"]
[WhiteFideId "13601652"]
[BlackFideId "13600087"]
[EventDate "2016.09.22"]

1. e4 c5 2. Nf3 d6 3. d4 cxd4 4. Nxd4 Nf6 5. Nc3 a6 6. f4 e5 7. Nf3 Nbd7 8. Bd3
Be7 9. O-O O-O 10. Kh1 exf4 11. Bxf4 Nc5 12. Nd4 d5 13. exd5 Nxd3 14. Qxd3 Nxd5
15. Be5 Bf6 16. Rae1 Bxe5 17. Rxe5 Nxc3 18. Qxc3 Bd7 19. Qb3 b5 20. Qd5 Qb6 21.
Re7 Be6 22. Qe5 Qb8 23. Qxb8 Raxb8 24. Nxe6 fxe6 25. Kg1 Rbc8 26. c3 Rxf1+ 27.
Kxf1 b4 28. Rxe6 bxc3 29. bxc3 Rxc3 30. Rxa6 Rc2 31. Ra7 h5 32. h4 Rc4 33. g3
Rc2 34. a4 Ra2 35. Ra5 Kf7 36. Rf5+ Ke6 37. Rf4 g6 38. g4 Ke5 39. Rb4 hxg4 40.
Rxg4 Kf5 41. Rb4 g5 1/2-1/2

[Event "TCh-GEO Club 2016"]
[Site "Lagodekhi GEO"]
[Date "2016.09.23"]
[Round "2.1"]
[Board "3"]
[White "Sturua, Zurab"]
[Black "Javakhishvili, Lela"]
[Result "1-0"]
[WhiteTitle "GM"]
[BlackTitle "IM"]
[WhiteElo "2546"]
[BlackElo "2486"]
[WhiteTeam "Tbilisi"]
[BlackTeam "Kakheti"]
[WhiteFideId "13600095"]
[BlackFideId "13601458"]
[EventDate "2016.09.22"]

1. c4 c5 2. Nf3 g6 3. d4 cxd4 4. Nxd4 Nc6 5. Nc2 Bg7 6. e4 d6 7. Be2 Nf6 8. Nc3
Nd7 9. Bd2 O-O 10. O-O Nc5 11. b4 Ne6 12. Rc1 a5 13. b5 Ne5 14. Na4 Nc5 15. Nxc5
dxc5 16. Ne3 Nd3 17. Bxd3 Qxd3 18. Nd5 Qxe4 19. Re1 Qh4 20. Be3 Bg4 21. f3 Be5
22. Kf1 Be6 23. Bxc5 f6 24. h3 Rfd8 25. Bxe7 Bd4 26. Qd2 Bf5 27. Re4 Bxe4 28.
Qxd4 Qg5 29. Nxf6+ Kf7 30. Bxd8 Qxc1+ 31. Kf2 Rxd8 32. Qxd8 Bf5 33. Qd4 Qc2+ 34.
Kg3 Qxa2 35. Nd5 Qe2 36. Qf6+ Ke8 37. Qh8+ Kf7 38. Qxh7+ Kf8 39. Qxb7 Qe1+ 40.
Kh2 Bd3 41. Qb8+ 1-0

[Event "TCh-GEO Club 2016"]
[Site "Lagodekhi GEO"]
[Date "2016.09.23"]
[Round "2.1"]
[Board "4"]
[White "Khotenashvili, Bela"]
[Black "Gvetadze, Sofio"]
[Result "0-1"]
[WhiteTitle "GM"]
[BlackTitle "IM"]
[WhiteElo "2463"]
[BlackElo "2276"]
[WhiteTeam "Kakheti"]
[BlackTeam "Tbilisi"]
[WhiteFideId "13602640"]
[BlackFideId "13601440"]
[EventDate "2016.09.22"]

1. d4 Nf6 2. c4 e6 3. Nf3 b6 4. a3 Bb7 5. Nc3 Be7 6. d5 O-O 7. g3 d6 8. Bg2 e5
9. O-O Nbd7 10. b4 Ne8 11. e4 g6 12. Ne1 Ng7 13. Nd3 a5 14. Be3 Ba6 15. Qb3 f5
16. f3 Bg5 17. Bf2 Bf6 18. Rfd1 f4 19. c5 Bxd3 20. c6 Ba6 21. cxd7 Qxd7 22. bxa5
bxa5 23. Rab1 fxg3 24. hxg3 Bg5 25. a4 Ne8 26. Nb5 Qg7 27. Qc3 Bc8 28. Na7 Bd7
29. Qxa5 Qh6 30. Rd3 Nf6 31. Qb4 Bh3 32. Nc6 Ng4 33. fxg4 Bxg2 34. Kxg2 Rxf2+
35. Kxf2 Qh2+ 36. Ke1 Rf8 37. Ne7+ Bxe7 38. Rd2 Qxg3+ 39. Kd1 Bg5 40. Rb3 Bxd2
41. Rxg3 Bxb4 42. Rb3 Ba5 43. Rb5 Ra8 0-1

[Event "TCh-GEO Club 2016"]
[Site "Lagodekhi GEO"]
[Date "2016.09.23"]
[Round "2.1"]
[Board "5"]
[White "Sibashvili, Giorgi"]
[Black "Beradze, Irakli"]
[Result "1/2-1/2"]
[WhiteTitle "IM"]
[WhiteElo "2347"]
[BlackElo "2437"]
[WhiteTeam "Tbilisi"]
[BlackTeam "Kakheti"]
[WhiteFideId "13602799"]
[BlackFideId "13604597"]
[EventDate "2016.09.22"]

1. d4 Nf6 2. c4 e6 3. Nf3 Bb4+ 4. Bd2 c5 5. Bxb4 cxb4 6. e3 b6 7. Bd3 Bb7 8.
Nbd2 O-O 9. O-O d6 10. Qc2 a5 11. Ng5 h6 12. Nge4 Nxe4 13. Bxe4 Bxe4 14. Qxe4
Nd7 15. Qc6 Nf6 16. a3 bxa3 17. Rxa3 Qd7 18. Qxd7 Nxd7 19. Ne4 Rfc8 20. Rc3 Rc6
21. Rfc1 Rac8 22. Kf1 Kf8 23. Ke2 Ke7 24. b3 f5 25. Nd2 Nf6 26. Kd3 e5 27. e4
fxe4+ 28. Nxe4 exd4 29. Kxd4 Nxe4 30. Kxe4 Rc5 31. Kd4 Re5 32. Re3 Rxe3 1/2-1/2

[Event "TCh-GEO Club 2016"]
[Site "Lagodekhi GEO"]
[Date "2016.09.23"]
[Round "2.1"]
[Board "6"]
[White "Buksa, Nataliya"]
[Black "Choladze, Mariami"]
[Result "1-0"]
[WhiteTitle "WGM"]
[BlackTitle "WFM"]
[WhiteElo "2249"]
[BlackElo "2032"]
[WhiteTeam "Kakheti"]
[BlackTeam "Tbilisi"]
[WhiteFideId "14123622"]
[BlackFideId "13600931"]
[EventDate "2016.09.22"]

1. e4 e5 2. Nf3 Nc6 3. Bb5 a6 4. Ba4 Nf6 5. O-O Be7 6. d3 b5 7. Bb3 d6 8. Nc3
Na5 9. h3 O-O 10. Bg5 Nd7 11. Bxe7 Qxe7 12. Nd5 Qd8 13. Ne3 Nb6 14. Qd2 Nxb3 15.
axb3 Re8 16. Rfe1 c6 17. d4 Qf6 18. Qc3 c5 19. dxe5 dxe5 20. Nh2 Qg6 21. Nhg4
Bb7 22. f3 Nd7 23. Rad1 Bc6 24. Nf5 b4 25. Qe3 Re6 26. Rd6 Rae8 27. Red1 h5 28.
Nf2 Qf6 29. Rxd7 Bxd7 30. Rxd7 Rc6 31. Qd2 c4 32. bxc4 Rxc4 33. Nd6 1-0

[Event "TCh-GEO Club 2016"]
[Site "Lagodekhi GEO"]
[Date "2016.09.23"]
[Round "2.2"]
[Board "2"]
[White "Maghalashvili, Davit"]
[Black "Khakhutashvili, Alexandre"]
[Result "1-0"]
[WhiteTitle "GM"]
[WhiteElo "2490"]
[BlackElo "1796"]
[WhiteTeam "Adchara - Nona"]
[BlackTeam "Shida kartli - Gori"]
[WhiteFideId "13602276"]
[BlackFideId "13605313"]
[EventDate "2016.09.22"]

1. d4 Nf6 2. c4 e6 3. Nf3 Bb4+ 4. Bd2 Bxd2+ 5. Qxd2 O-O 6. Nc3 d6 7. g3 b6 8.
Bg2 Bb7 9. d5 e5 10. O-O a5 11. Qc2 Nbd7 12. a3 Qe7 13. Nd2 Rfe8 14. e4 Nc5 15.
b4 Ncd7 16. Nb3 Rec8 17. Rfc1 axb4 18. axb4 Qd8 19. Nb5 Ne8 20. Na7 Rcb8 21. Bh3
Nef6 22. Bg2 Ne8 23. Bf1 h5 24. c5 bxc5 25. bxc5 Nxc5 26. Nxc5 dxc5 27. Qxc5 Qd6
28. Qc2 f5 29. Nb5 Qb4 30. Rxa8 Bxa8 31. Nc3 Rd8 32. exf5 Kh8 33. Qe2 Nf6 34.
Qxe5 Qa5 35. Bg2 Bxd5 36. Nxd5 Nxd5 37. f6 gxf6 38. Qxh5+ Kg7 1-0

[Event "TCh-GEO Club 2016"]
[Site "Lagodekhi GEO"]
[Date "2016.09.23"]
[Round "2.2"]
[Board "3"]
[White "Licheli, Luka"]
[Black "Shanava, Konstantine"]
[Result "0-1"]
[BlackTitle "GM"]
[WhiteElo "2042"]
[BlackElo "2545"]
[WhiteTeam "Shida kartli - Gori"]
[BlackTeam "Adchara - Nona"]
[WhiteFideId "13602500"]
[BlackFideId "13601784"]
[EventDate "2016.09.22"]

1. e4 c5 2. b3 a6 3. Bb2 d6 4. g3 Nc6 5. Bg2 Nf6 6. Ne2 e5 7. O-O Be7 8. c4 h5
9. h3 Nd4 10. f4 Bd7 11. Nxd4 cxd4 12. d3 Qc8 13. Kh2 h4 14. g4 Bxg4 15. hxg4
Nxg4+ 16. Kh1 Ne3 17. Qe2 h3 18. Bf3 Nxf1 19. Qxf1 Rh4 20. f5 Bg5 21. Qe2 Qd8
22. Nd2 Qf6 23. b4 Qh6 24. Nb3 Be3 25. c5 dxc5 26. bxc5 a5 27. a4 Qg5 28. Rf1 h2
29. Qg2 Qxg2+ 30. Bxg2 Kd7 31. Bc1 Bxc1 32. Rxc1 f6 33. Nd2 Rc8 34. Nb3 b6 35.
Rb1 Rc6 36. Nd2 Rxc5 37. Nc4 Kc7 38. Nxb6 Rc2 39. Nc4 Rg4 40. Bf3 Rf4 41. Bh5
Rh4 42. Bf7 Rh8 43. Nxa5 Rb8 44. Rxb8 Kxb8 45. Nb3 Kc7 46. Bc4 Kb6 47. a5+ Kc6
48. Be6 Kb5 49. Bd5 Rb2 50. Bc4+ Kb4 51. Be6 Kb5 52. Bd5 Rc2 53. Bb7 Rc3 54. a6
Kb6 55. Na5 Rxd3 56. Nc4+ Ka7 57. Kxh2 Rc3 58. Nd6 Rc1 59. Bc8 d3 60. Nb5+ Kb6
61. a7 Rxc8 0-1

[Event "TCh-GEO Club 2016"]
[Site "Lagodekhi GEO"]
[Date "2016.09.23"]
[Round "2.2"]
[Board "4"]
[White "Melia, Salome"]
[Black "Kasoshvili, Tsiala"]
[Result "1/2-1/2"]
[WhiteTitle "IM"]
[BlackTitle "WIM"]
[WhiteElo "2419"]
[BlackElo "2106"]
[WhiteTeam "Adchara - Nona"]
[BlackTeam "Shida kartli - Gori"]
[WhiteFideId "13602446"]
[BlackFideId "13600354"]
[EventDate "2016.09.22"]

1. e4 c6 2. d4 g6 3. Nc3 Bg7 4. Nf3 d6 5. h3 b5 6. a3 a6 7. Be2 Nf6 8. O-O O-O
9. Bg5 Qc7 10. Qd2 Nbd7 11. Rad1 Bb7 12. Bh6 c5 13. Bxg7 Kxg7 14. dxc5 Qxc5 15.
Bd3 Rac8 16. Rfe1 Rfe8 17. Kh1 h6 18. Nh2 Ne5 19. Nf1 Nc4 20. Bxc4 Qxc4 21. Ne3
Qc5 22. Ned5 Bxd5 23. exd5 Qc4 24. Re3 Qh4 25. Kg1 Rc5 26. Qe2 Qh5 27. Qd2 Qf5
28. Rf3 Qh5 29. Qd3 Rec8 30. Qd4 Qe5 31. Qxe5 dxe5 32. d6 e4 33. Re3 exd6 34.
Rxd6 R5c6 35. Rd2 Re6 36. Kf1 h5 37. Ke1 g5 38. Rd4 Rce8 39. a4 bxa4 40. Rxa4
Rb8 41. b3 Rc8 42. Kd2 Rec6 43. Ra2 Re6 44. Ra5 Kg6 45. Kc1 h4 46. Kb2 Rd8 47.
Kc1 Rc8 48. Ne2 Rd8 49. Nc3 Rc8 50. Ne2 Rd8 51. Nc3 Rc8 1/2-1/2

[Event "TCh-GEO Club 2016"]
[Site "Lagodekhi GEO"]
[Date "2016.09.23"]
[Round "2.2"]
[Board "5"]
[White "Karelidze, Vakhtang"]
[Black "Harutyunian, Tigran K."]
[Result "0-1"]
[BlackTitle "IM"]
[WhiteElo "1942"]
[BlackElo "2480"]
[WhiteTeam "Shida kartli - Gori"]
[BlackTeam "Adchara - Nona"]
[WhiteFideId "13613219"]
[BlackFideId "13303635"]
[EventDate "2016.09.22"]

1. Nf3 Nf6 2. g3 b6 3. Bg2 Bb7 4. O-O e6 5. c4 c5 6. b3 Be7 7. Bb2 O-O 8. d3 d5
9. Ne5 Qc7 10. Nd2 d4 11. Bxb7 Qxb7 12. Qc2 Bd6 13. Nef3 Nc6 14. a3 e5 15. Ne4
Nxe4 16. dxe4 Rae8 17. Nh4 Qd7 18. Nf5 Bc7 19. Bc1 Bd8 20. f3 Kh8 21. g4 g6 22.
Ng3 Bh4 23. Bh6 Rg8 24. Qd2 f6 25. Kg2 Nd8 26. g5 f5 27. exf5 gxf5 28. Kh1 Bxg3
29. hxg3 Nf7 30. Kg2 Nxh6 31. gxh6 f4 32. g4 Rxg4+ 33. Kf2 e4 34. Qb2 Rg3 35.
fxe4 Rxe4 36. Rad1 Rg2+ 37. Kxg2 Qg4+ 38. Kh1 Qh3+ 39. Kg1 Qg3+ 0-1

[Event "TCh-GEO Club 2016"]
[Site "Lagodekhi GEO"]
[Date "2016.09.23"]
[Round "2.2"]
[Board "6"]
[White "Saduakassova, Dinara"]
[Black "Koridze, Lile"]
[Result "1-0"]
[WhiteTitle "WGM"]
[WhiteElo "2423"]
[BlackElo "1991"]
[WhiteTeam "Adchara - Nona"]
[BlackTeam "Shida kartli - Gori"]
[WhiteFideId "13700090"]
[BlackFideId "13612514"]
[EventDate "2016.09.22"]

1. d4 Nf6 2. c4 e6 3. g3 d5 4. Nf3 Be7 5. Bg2 O-O 6. O-O dxc4 7. Qc2 a6 8. a4
Bd7 9. Rd1 Bc6 10. Bg5 Be4 11. Qxc4 Nc6 12. Nbd2 Bd5 13. Qd3 Nb4 14. Qb1 Bc6 15.
Bxf6 Bxf6 16. Ne4 Bxe4 17. Qxe4 c6 18. Ne5 Qc7 19. Nc4 a5 20. e3 Rfd8 21. h4
Rab8 22. Rac1 Na2 23. Rc2 Nb4 24. Rcd2 Rd7 25. h5 h6 26. Bf3 Rbd8 27. Qf4 e5 28.
Qg4 exd4 29. exd4 Re7 30. Be4 Rde8 31. Re2 Qc8 32. Qf3 Qc7 33. Qf5 Re6 34. Kf1
Nd5 35. Rde1 Bxd4 36. Qh7+ Kf8 37. Bf5 Rxe2 38. Qh8+ Ke7 39. Rxe2+ Ne3+ 40.
Rxe3+ Bxe3 41. Qxg7 Bg5 42. Ne5 Qd6 43. Qxf7+ Kd8 44. Nd3 Qe7 45. Qc4 Kc7 46.
Nc5 Bf6 47. Ne6+ Kb6 48. Qf4 Ka7 49. Qxh6 Bxb2 50. Qe3+ b6 51. h6 Qd6 52. g4
Qd1+ 53. Kg2 Qd5+ 54. Kg3 Qh1 55. Qd2 Qg1+ 56. Kf3 Qh1+ 57. Ke2 Rxe6+ 58. Bxe6
Qe4+ 59. Qe3 Qc2+ 60. Kf1 Qxa4 61. Kg2 Qb4 62. g5 Qe7 63. g6 a4 64. Ba2 Qf6 65.
g7 Qg6+ 66. Qg3 Qe4+ 67. Kh2 Be5 68. g8=Q Qh4+ 69. Kg1 Bxg3 70. Qg7+ Ka8 71.
fxg3 Qd8 72. Qg8 1-0

[Event "TCh-GEO Club 2016"]
[Site "Lagodekhi GEO"]
[Date "2016.09.23"]
[Round "2.3"]
[Board "1"]
[White "Baghdasaryan, Vahe"]
[Black "Volkov, Nika"]
[Result "0-1"]
[WhiteTitle "IM"]
[WhiteElo "2492"]
[BlackElo "2102"]
[WhiteTeam "Samegrelo-Zemo Svaneti - Samegrelo"]
[BlackTeam "Racha-Lechkhumi - Ambrolauri"]
[WhiteFideId "13303139"]
[BlackFideId "13604376"]
[EventDate "2016.09.22"]

1. c4 e6 2. g3 Nf6 3. Bg2 Be7 4. e4 c5 5. Nc3 Nc6 6. Nge2 b6 7. d4 cxd4 8. Nxd4
Nxd4 9. Qxd4 Bb7 10. O-O d6 11. Rd1 O-O 12. b3 Qc8 13. Bb2 Rd8 14. a4 Ne8 15. a5
Bf6 16. Qd2 bxa5 17. Rxa5 Qc7 18. Rda1 Bc6 19. b4 Qb7 20. b5 Bxc3 21. Qxc3 Bxe4
22. Bxe4 Qxe4 23. Rxa7 Rac8 24. b6 Rxc4 25. Qa5 Rb8 26. b7 Rb4 27. Ra8 Qxb7 28.
Rxb8 Qxb8 29. Bc1 Rb1 30. Rxb1 Qxb1 31. Qc3 Qb7 32. h4 h5 33. Qa5 Qb1 34. Qg5
Nf6 35. f3 d5 36. Kg2 Qc2+ 37. Bd2 d4 38. Kf2 Nd5 39. Qd8+ Kh7 40. Qg5 g6 41.
Ke1 f6 42. Qh6+ Kg8 43. Kf1 Qd3+ 44. Kf2 Nc3 45. Kg2 Nd1 46. Qf4 e5 47. Qxf6
Qxd2+ 48. Kg1 Qe1+ 49. Kh2 Qe2+ 50. Kg1 Qb5 51. Qxg6+ Kf8 52. Qf6+ Ke8 53. Qe6+
Kd8 54. Qd6+ Kc8 55. Qe6+ Qd7 56. Qxe5 Nc3 57. Kf2 Kb7 58. Ke1 Qd5 59. Qe7+ Ka6
60. Kd2 Kb5 61. Qe8+ Kb4 62. Qf8+ Qc5 63. Qxc5+ Kxc5 64. Kd3 Kd5 65. g4 hxg4 66.
fxg4 Ne4 67. g5 Ng3 68. g6 Nh5 69. Ke2 Ke4 70. Kd2 d3 0-1

[Event "TCh-GEO Club 2016"]
[Site "Lagodekhi GEO"]
[Date "2016.09.23"]
[Round "2.3"]
[Board "2"]
[White "Petriashvili, Nikoloz"]
[Black "Quparadze, Giga"]
[Result "1/2-1/2"]
[BlackTitle "IM"]
[WhiteElo "2167"]
[BlackElo "2482"]
[WhiteTeam "Racha-Lechkhumi - Ambrolauri"]
[BlackTeam "Samegrelo-Zemo Svaneti - Samegrelo"]
[WhiteFideId "13611216"]
[BlackFideId "13602250"]
[EventDate "2016.09.22"]

1. d4 Nf6 2. c4 e6 3. Nf3 b6 4. g3 Bb4+ 5. Bd2 Be7 6. Bg2 c6 7. O-O O-O 8. Bc3
d5 9. Nbd2 Ba6 10. b3 Nbd7 11. e4 b5 12. exd5 exd5 13. Ne5 Rc8 14. Re1 b4 15.
Bb2 Rc7 16. a3 bxa3 17. Bxa3 Bxa3 18. Rxa3 Bc8 19. Qa1 a6 20. Ra5 Re8 21. Rc1
Bb7 22. Nd3 h5 23. Qc3 Rc8 24. Raa1 h4 25. Re1 hxg3 26. hxg3 Rxe1+ 27. Rxe1 Rb8
28. Ra1 Qb6 29. c5 Qc7 30. Qa5 Ne8 31. Bh3 Nf8 32. Qxc7 Nxc7 33. b4 f6 34. Nb3
Bc8 35. Bxc8 Rxc8 36. f3 Nfe6 37. Kf2 Kf7 38. f4 g6 39. g4 Rh8 40. Kg3 Ra8 41.
f5 gxf5 42. gxf5 Ng7 43. Kf4 Rh8 44. Kg4 Rg8 45. Rh1 Nh5+ 46. Kf3 Rg3+ 47. Kf2
Rxd3 48. Rxh5 Nb5 49. Na5 Nxd4 50. Rh7+ Ke8 51. Rc7 Rf3+ 52. Kg2 Rxf5 53. Nxc6
Rf4 54. Nxd4 Rxd4 55. Rb7 Rc4 56. Kf3 f5 57. Ke3 Re4+ 58. Kd3 f4 59. c6 f3 60.
Rb8+ Ke7 61. c7 f2 62. Rf8 Rc4 63. Rxf2 Rxc7 64. Rh2 Rc6 65. Kd4 Rd6 66. Rh5 Rb6
67. Re5+ Kf6 68. Rxd5 Rxb4+ 69. Kc5 Rb5+ 70. Kc6 Rb1 71. Ra5 1/2-1/2

[Event "TCh-GEO Club 2016"]
[Site "Lagodekhi GEO"]
[Date "2016.09.23"]
[Round "2.3"]
[Board "3"]
[White "Morchiashvili, Bachana"]
[Black "Kacharava, Nikolozi"]
[Result "1-0"]
[WhiteTitle "IM"]
[BlackTitle "FM"]
[WhiteElo "2371"]
[BlackElo "2085"]
[WhiteTeam "Samegrelo-Zemo Svaneti - Samegrelo"]
[BlackTeam "Racha-Lechkhumi - Ambrolauri"]
[WhiteFideId "13602535"]
[BlackFideId "13611860"]
[EventDate "2016.09.22"]

1. b4 Nf6 2. Bb2 e6 3. b5 d5 4. Nf3 c5 5. e3 Bd6 6. c4 Nbd7 7. d3 O-O 8. Nbd2
Re8 9. Be2 Nf8 10. Qb3 Bc7 11. Rc1 b6 12. d4 cxd4 13. Nxd4 Bb7 14. O-O Rc8 15.
Rfd1 Qe7 16. Nc6 Bxc6 17. bxc6 Bd6 18. cxd5 Nxd5 19. g3 Bc5 20. Ne4 Nb4 21. Bb5
a6 22. Rd7 axb5 23. Rxe7 Rxe7 24. Nxc5 bxc5 25. Rxc5 Nxc6 26. Qc3 1-0

[Event "TCh-GEO Club 2016"]
[Site "Lagodekhi GEO"]
[Date "2016.09.23"]
[Round "2.3"]
[Board "4"]
[White "Gavasheli, Ana"]
[Black "Lomineishvili, Maia"]
[Result "1/2-1/2"]
[WhiteTitle "WIM"]
[BlackTitle "IM"]
[WhiteElo "2198"]
[BlackElo "2321"]
[WhiteTeam "Racha-Lechkhumi - Ambrolauri"]
[BlackTeam "Samegrelo-Zemo Svaneti - Samegrelo"]
[WhiteFideId "13602586"]
[BlackFideId "13600656"]
[EventDate "2016.09.22"]

1. c4 e5 2. Nc3 Nc6 3. g3 g6 4. Bg2 Bg7 5. d3 d6 6. Nf3 Nf6 7. O-O O-O 8. Rb1 a5
9. a3 Re8 10. e4 Bg4 11. h3 Bxf3 12. Bxf3 Nd4 13. Bg2 Qd7 14. b4 axb4 15. axb4
b5 16. Ne2 bxc4 17. dxc4 Ra2 18. Nxd4 exd4 19. Re1 Qa4 20. Qxa4 Rxa4 21. Bf4 Nh5
22. e5 Nxf4 23. Bc6 Nxh3+ 24. Kg2 Ra2 25. Bxe8 Nxf2 26. exd6 Ne4+ 27. Kh3 Nf2+
28. Kg2 Ne4+ 29. Kh3 Nf2+ 30. Kg2 Ne4+ 31. Kh3 Nf2+ 1/2-1/2

[Event "TCh-GEO Club 2016"]
[Site "Lagodekhi GEO"]
[Date "2016.09.23"]
[Round "2.3"]
[Board "5"]
[White "Ghvamberia, Nika"]
[Black "Metreveli, Lekso"]
[Result "1-0"]
[WhiteElo "2297"]
[BlackElo "1655"]
[WhiteTeam "Samegrelo-Zemo Svaneti - Samegrelo"]
[BlackTeam "Racha-Lechkhumi - Ambrolauri"]
[WhiteFideId "13602128"]
[BlackFideId "13618130"]
[EventDate "2016.09.22"]

1. e4 c5 2. Nf3 d6 3. d4 cxd4 4. Nxd4 Nf6 5. Nc3 g6 6. Be3 Bg7 7. f3 O-O 8. Qd2
Nc6 9. Bc4 Bd7 10. O-O-O Rc8 11. Bb3 Ne5 12. g4 b5 13. g5 Nh5 14. Ncxb5 Nxf3 15.
Nxf3 Bxb5 16. Bxa7 Bc4 17. Kb1 Bxb3 18. cxb3 Ra8 19. Bd4 Qc8 20. Rhe1 Qa6 21. a3
Rfc8 22. Bxg7 Nxg7 23. Nd4 Qb7 24. Qd3 Rc5 25. h4 Rac8 26. b4 Rc4 27. Rc1 d5 28.
Rxc4 Rxc4 29. Nb3 Rxe4 30. Rxe4 dxe4 31. Qd8+ Ne8 32. Qxe8+ Kg7 33. Qd8 Qa7 34.
Nc5 1-0

[Event "TCh-GEO Club 2016"]
[Site "Lagodekhi GEO"]
[Date "2016.09.23"]
[Round "2.3"]
[Board "6"]
[White "Sidamonidze, Anastasia"]
[Black "Gaboyan, Susanna"]
[Result "0-1"]
[WhiteElo "1652"]
[BlackElo "2126"]
[WhiteTeam "Racha-Lechkhumi - Ambrolauri"]
[BlackTeam "Samegrelo-Zemo Svaneti - Samegrelo"]
[WhiteFideId "13611194"]
[BlackFideId "13303627"]
[EventDate "2016.09.22"]

1. e4 c5 2. Nf3 Nc6 3. Bb5 Qc7 4. O-O a6 5. Bxc6 Qxc6 6. Re1 d6 7. d4 cxd4 8.
Nxd4 Qc7 9. Nc3 e6 10. a4 b6 11. Be3 Nf6 12. f3 Be7 13. Nb3 O-O 14. Qe2 Bb7 15.
Qf2 Bd8 16. Qg3 Qb8 17. Qf2 b5 18. axb5 axb5 19. e5 dxe5 20. Bc5 Re8 21. Nxb5
Rxa1 22. Rxa1 Bd5 23. Nd6 Re7 24. Qe3 Rc7 25. Qxe5 Bxb3 26. Nf5 exf5 27. cxb3
Rc8 28. Qxf5 Rxc5 0-1

[Event "TCh-GEO Club 2016"]
[Site "Lagodekhi GEO"]
[Date "2016.09.23"]
[Round "2.4"]
[Board "1"]
[White "Tutisani, Noe"]
[Black "Gelashvili, Tamaz"]
[Result "1/2-1/2"]
[BlackTitle "GM"]
[WhiteElo "2375"]
[BlackElo "2575"]
[WhiteTeam "Imereti - Kutaisi"]
[BlackTeam "Kvemo Kartli - Rustavi"]
[WhiteFideId "13602853"]
[BlackFideId "13600702"]
[EventDate "2016.09.22"]

1. e4 Nc6 2. Nf3 d6 3. d4 Nf6 4. Nc3 g6 5. h3 Bg7 6. Be2 O-O 7. O-O a6 8. a4 b6
9. d5 Nb8 10. Nd4 Bb7 11. f4 c6 12. Bf3 c5 13. Nb3 Qc7 14. Be3 Nbd7 15. Nd2 e6
16. dxe6 fxe6 17. Nc4 Ne8 18. Bg4 Bxc3 19. Bxe6+ Kh8 20. bxc3 Bxe4 21. Bxd7 Qxd7
22. Nxb6 Qc6 23. Nxa8 Bxg2 24. Rf2 Be4 25. Rb1 Qxa8 26. Rb6 Qc8 27. Rh2 Qc7 28.
a5 Qe7 29. Qe1 Ng7 30. Bd2 Nf5 31. Re2 d5 32. c4 Nd4 33. Bc3 Rxf4 34. Bxd4+ cxd4
35. Qg3 Rf5 36. Kh2 Kg7 37. cxd5 Rf1 38. Re1 Rxe1 39. Qxe1 Qc7+ 40. Kg1 Bxd5 41.
Qf2 Qe5 42. Rb4 Qg5+ 43. Kh2 Qe5+ 44. Kg1 Qg5+ 1/2-1/2